000 00645nam a2200217Ia 4500
005 20180713140718.0
008 131103s9999 xx 000 0 und d
020 _a9878170462918
_cRs.175.00
040 _aLoreto College
041 _aEnglish
082 _a891.443
_bDEV
100 _aDevi, Mahasweta
245 _aBedanabala
_b Her life, Her times
_cMahasweta Debi.Translated by Sunandini Banerjee
260 _aCalcutta
_bSeagull Books
_c2009
300 _a76p
_b20cm
650 _aLiterature in Indian Languages
650 _aFiction translated from Bengali
700 _aBanerjee, Sunandini
_4tr.
850 _aLCLIB
942 _cBK
999 _c41677
_d92156